| 000 | 00517nam a2200193Ia 4500 | ||
|---|---|---|---|
| 005 | 20250326142636.0 | ||
| 008 | 250326s9999 xx 000 0 und d | ||
| 037 | _aTextbook | ||
| 040 |
_aFMSL _beng _cFMSL |
||
| 041 |
_aeng _2eng |
||
| 084 |
_aX:8k N3 _qFMSL |
||
| 100 | _aRathnam P V | ||
| 245 | 0 |
_aCosting advisor: problems and solutions _cRathnam P V |
|
| 250 | _a11 | ||
| 260 |
_aAllhabad _bAllhabad, Kital Mehal _c1993 |
||
| 300 | _a1038p | ||
| 942 |
_cTB _hX:8k N3 |
||
| 999 |
_c1295972 _d1295972 |
||